LEADER 03524nam 2200601 450 001 996309135803316 005 20221124222738.0 010 $a3-8394-4214-1 024 7 $a10.14361/9783839442142 035 $a(CKB)4910000000017198 035 $a(OAPEN)1005104 035 $a(DE-B1597)492766 035 $a(OCoLC)1105856941 035 $a(DE-B1597)9783839442142 035 $a(ScCtBLL)e6a781aa-5d19-41a2-8dc7-20fe3fc654a4 035 $a(MiAaPQ)EBC6637399 035 $a(Au-PeEL)EBL6637399 035 $a(transcript Verlag)9783839442142 035 $a(MiAaPQ)EBC6955983 035 $a(Au-PeEL)EBL6955983 035 $a(EXLCZ)994910000000017198 100 $a20221124d2019 uy 0 101 0 $aeng 135 $auuuuu---auuuu 181 $ctxt$2rdacontent 182 $cc$2rdamedia 183 $acr$2rdacarrier 200 00$aArt and economics in the city $enew cultural maps /$fedited by Caterina Benincasa, Gianfranco Neri, and Michele Trimarchi 205 $a1st ed. 210 1$aBielefeld, Germany :$cTranscript Verlag,$d[2019] 210 4$d©2019 215 $a1 online resource (246 p.) 225 0 $aUrban Studies 311 $a3-8376-4214-3 327 $aFrontmatter 1 Content 5 FOREWORD 7 INTRODUCTION: URBAN CHALLENGES, CULTURAL STRATEGIES, SOCIAL VALUES 9 DOES PUBLIC ART MATTER? A SOCRATIC EXPLORATION 15 ART AND TERRITORIAL CHANGES IN THE ITALIAN EXPERIENCE 37 CULTURE MEETS ECOLOGY IN THE PUBLIC SPACE. 'TRIUMPHS AND LAMENTS' ON THE TIBER 49 BUILT HERITAGE AND MULTIPLE IDENTITIES IN MUMBAI. MATERIAL CULTURE AND CONSERVATION PRACTICES 69 THE IMMIGRATION ISSUE IN INTERNATIONAL DEBATE ON URBAN SOCIETIES' CHANGES 83 NEW MAPS FOR THE DESIRES OF AN EMERGING WORLD 101 ENTERING THE VOID. DIALOGUES ON ART AND URBANITY 127 ART AS A SOCIAL PERFORMANCE IN TRANS -MEDIA CITIES 163 DEACCESSIONING AND RE-LOCATING. NEW OPTIONS FOR MUSEUMS 181 PUBLIC SPACE AND ITS CHALLENGES. A PALIMPSEST FOR URBAN COMMONS 191 FOR A CULTURE OF URBAN COMMONS. PRACTICES AND POLICIES 205 About the authors 245 330 $aEmerging forms of alternative economic frameworks are changing the structure of society, redefining the relationship between centre and periphery, and the social dynamics in the urban fabric. In this context, the arts can play a crucial role in formulating a concept of complex and plural citizenship: This economic, social and cultural paradigm has the potential to overcome the conventional isolation of the arts and culture in ivory towers, and thereby to gradually make the urban fabric more fertile. This volume faces such sensitive issues by collating contributions from various disciplines: Economists, sociologists, urbanists, architects and creative artists offer a broad and deep assessment of urban dynamics and their visions for the years to come. 410 0$aUrban Studies 606 $aUrban beautification 606 $aCities and towns$xStudy and teaching 615 0$aUrban beautification. 615 0$aCities and towns$xStudy and teaching. 676 $a704.944 702 $aNeri$b Gianfranco 702 $aBenincasa$b Caterina 702 $aTrimarchi$b Michele 712 02$aKnowledge Unlatched - KU Select 2018: Frontlist Collection$4fnd$4http://id.loc.gov/vocabulary/relators/fnd 801 0$bMiAaPQ 801 1$bMiAaPQ 801 2$bMiAaPQ 906 $aBOOK 912 $a996309135803316 996 $aArt and Economics in the City$92060384 997 $aUNISA LEADER 01701nas 2200577-a 450 001 996208321303316 005 20240113213019.0 011 $a2162-4151 035 $a(DE-599)ZDB2065777-8 035 $a(OCoLC)60622045 035 $a(CKB)954927515509 035 $a(CONSER)--2007247650 035 $a(EXLCZ)99954927515509 100 $a20050614a19489999 s-- a 101 0 $aeng 135 $aurun||||||||| 181 $ctxt$2rdacontent 182 $cc$2rdamedia 183 $acr$2rdacarrier 200 00$aAlbany law review 210 $aAlbany, N.Y. $cAlbany Law School 300 $aRefereed/Peer-reviewed 311 $a0002-4678 531 $aALBANY LAW REV 531 $aALBLREV 606 $aLaw reviews$zNew York (State) 606 $aDroit$vPériodiques 606 $aRevues de droit$zNew York (État) 606 $aLaw reviews$2fast$3(OCoLC)fst00994120 606 $aLaw reviews$zNew York (State)$2nli 606 $aDroit$2rasuqam 607 $aNew York (State)$2fast$1https://id.oclc.org/worldcat/entity/E39QbtfRjXPrf4BDHgVmQ8kx9c 607 $aÉtats-Unis$2rasuqam 607 $aNew York (État)$2rasuqam 608 $aPériodique électronique (Descripteur de forme) 608 $aRessource Internet (Descripteur de forme) 608 $aLaw reviews.$2fast 608 $aPeriodicals.$2fast 608 $aLaw reviews.$2lcgft 615 0$aLaw reviews 615 6$aDroit 615 6$aRevues de droit 615 7$aLaw reviews. 615 7$aLaw reviews 615 7$aDroit. 676 $a340 712 02$aAlbany Law School, 906 $aJOURNAL 912 $a996208321303316 996 $aAlbany law review$92153746 997 $aUNISA